[Event "Reykjavik Kvika op"]
[Site "Reykjavik"]
[Date "2022.04.12"]
[Round "9"]
[White "Thorisson, Bjartur"]
[Black "Bulacio, Juan Manuel"]
[Result "1/2-1/2"]
[WhiteElo "1292"]
[BlackElo "1636"]
[PlyCount "64"]
[EventDate "2022.04.06"]
[EventType "swiss"]
[EventRounds "9"]
[EventCountry "ISL"]
[SourceTitle "CBM 207 Extra"]
[Source "ChessBase"]
[SourceDate "2022.05.31"]
[SourceVersion "1"]
[SourceVersionDate "2022.05.31"]
[SourceQuality "1"]

1. e4 Nf6 2. Nc3 d5 3. exd5 Nxd5 4. Nxd5 Qxd5 5. d4 Bf5 6. Nf3 e6 7. Be2 c5 8. c3 Nc6 9. 0-0 cxd4 10. cxd4 Be7 11. Be3 0-0 12. a3 Rfd8 13. Rc1 Bf6 14. Rc4 a6 15. Qd2 Rac8 16. Rfc1 Qd7 17. h3 Be4 18. Bg5 Be7 19. Bxe7 Nxe7 20. Ne5 Qd5 21. f3 Bf5 22. Qb4 Rxc4 23. Rxc4 Ng6 24. Nxg6 Bxg6 25. Rc7 Rd7 26. Rc8+ Rd8 27. Qxb7 Qxd4+ 28. Kh1 h6 29. Rxd8+ Qxd8 30. Bxa6 Qd1+ 31. Kh2 Qd6+ 32. Kh1 Qd1+ 1/2-1/2

[Event "Reykjavik Kvika op"]
[Site "Reykjavik"]
[Date "2022.04.10"]
[Round "7"]
[White "Thorisson, Bjartur"]
[Black "Lewis, Stephen"]
[Result "0-1"]
[WhiteElo "1292"]
[BlackElo "1929"]
[PlyCount "46"]
[EventDate "2022.04.06"]
[EventType "swiss"]
[EventRounds "9"]
[EventCountry "ISL"]
[SourceTitle "CBM 207 Extra"]
[Source "ChessBase"]
[SourceDate "2022.05.31"]
[SourceVersion "1"]
[SourceVersionDate "2022.05.31"]
[SourceQuality "1"]

1. e4 d5 2. exd5 Qxd5 3. d4 Nc6 4. Nf3 Bg4 5. c4 Qh5 6. Be2 0-0-0 7. d5 e6 8. h3 Bxf3 9. Bxf3 Qe5+ 10. Be3 exd5 11. cxd5 Nf6 12. Nc3 Bb4 13. Qb3 Nxd5 14. 0-0 Bd6 15. g3 Nxe3 16. Rfe1 Bc5 17. Nb5 Qf6 18. Rxe3 Bxe3 19. Bg4+ Kb8 20. fxe3 a6 21. Nc3 Qe5 22. Re1 Qxg3+ 23. Kh1 Qxe1+ 0-1

[Event "Reykjavik Kvika op"]
[Site "Reykjavik"]
[Date "2022.04.06"]
[Round "1"]
[White "Thorisson, Bjartur"]
[Black "Anand Jr, Vignesh"]
[Result "0-1"]
[WhiteElo "1292"]
[BlackElo "1829"]
[PlyCount "60"]
[EventDate "2022.04.06"]
[EventType "swiss"]
[EventRounds "9"]
[EventCountry "ISL"]
[SourceTitle "CBM 207 Extra"]
[Source "ChessBase"]
[SourceDate "2022.05.31"]
[SourceVersion "1"]
[SourceVersionDate "2022.05.31"]
[SourceQuality "1"]

1. e4 c5 2. Nf3 d6 3. d4 cxd4 4. Nxd4 Nf6 5. Nc3 a6 6. Be3 Ng4 7. Bc1 Nf6 8. Be3 e5 9. Nb3 Be6 10. Nd5 Bxd5 11. exd5 Nbd7 12. Be2 Rc8 13. 0-0 g6 14. Qd2 Bg7 15. Na5 Qc7 16. Qb4 Nxd5 17. Qc4 Nxe3 18. fxe3 Nf6 19. Rad1 d5 20. Rxd5 Nxd5 21. Qxd5 0-0 22. Nxb7 Qb6 23. Nd6 Qxe3+ 24. Rf2 Rc5 25. Qb7 Rxc2 26. Qxa6 e4 27. Nc4 Rxc4 28. Bxc4 Bd4 29. Bxf7+ Rxf7 30. Qc8+ Kg7 0-1

[Event "Reykjavik Congress"]
[Site "Reykjavik"]
[Date "2019.01.30"]
[Round "8"]
[White "Olafsson, Arni"]
[Black "Thorisson, Bjartur"]
[Result "1-0"]
[WhiteElo "1301"]
[BlackElo "1202"]
[PlyCount "41"]
[EventDate "2019.01.06"]
[EventType "swiss"]
[EventRounds "9"]
[EventCountry "ISL"]
[SourceTitle "CBM 188 Extra"]
[Source "ChessBase"]
[SourceDate "2019.02.28"]
[SourceVersion "1"]
[SourceVersionDate "2019.02.28"]
[SourceQuality "1"]

1. e4 c5 2. Nf3 e6 3. d4 cxd4 4. Nxd4 Nc6 5. Nc3 Qc7 6. Be3 Nf6 7. f3 Be7 8. Qd2 a6 9. 0-0-0 b5 10. Kb1 Bb7 11. g4 d5 12. exd5 exd5 13. Nf5 Ne5 14. Nxg7+ Kf8 15. Bh6 Qd7 16. Nf5+ Kg8 17. Re1 Ng6 18. Nxe7+ Nxe7 19. Rxe7 Ne4 20. Qd4 Nxc3+ 21. bxc3 1-0

[Event "Reykjavik Taflfelag op"]
[Site "Reykjavik"]
[Date "2018.10.24"]
[Round "2"]
[White "Fridthofsson, Sigurjon Thor"]
[Black "Thorisson, Bjartur"]
[Result "1-0"]
[WhiteElo "1599"]
[BlackElo "1022"]
[PlyCount "45"]
[EventDate "2018.10.17"]
[EventType "swiss"]
[EventRounds "7"]
[EventCountry "ISL"]
[SourceTitle "CBM 187 Extra"]
[Source "ChessBase"]
[SourceDate "2018.11.04"]
[SourceVersion "1"]
[SourceVersionDate "2018.11.04"]
[SourceQuality "1"]

1. d4 d5 2. Bf4 Nc6 3. e3 Bd7 4. c3 e6 5. Nf3 Bd6 6. Bg3 Nf6 7. Nbd2 0-0 8. Bd3 Re8 9. Ne5 Bxe5 10. dxe5 Ne4 11. Nxe4 dxe4 12. Bxe4 Qe7 13. Qh5 h6 14. Bh4 Qc5 15. Bg3 Qc4 16. Qh4 Qb5 17. 0-0-0 Rad8 18. Bd3 Qb6 19. Qe4 a5 20. Qh7+ Kf8 21. Bh4 g5 22. Qxh6+ Ke7 23. Bxg5+ 1-0

[Event "Reykjavik op"]
[Site "Reykjavik"]
[Date "2018.03.10"]
[Round "5"]
[White "Fjallheim, Benjamin Reinert"]
[Black "Thorisson, Bjartur"]
[Result "1-0"]
[WhiteElo "1293"]
[BlackElo "1022"]
[PlyCount "79"]
[EventDate "2018.03.06"]
[EventType "swiss"]
[EventRounds "9"]
[EventCountry "ISL"]
[SourceTitle "CBM 183 Extra"]
[Source "ChessBase"]
[SourceDate "2018.04.19"]
[SourceVersion "1"]
[SourceVersionDate "2018.04.19"]
[SourceQuality "1"]

1. e4 c5 2. Nf3 e6 3. Nc3 d5 4. d4 Nc6 5. Bb5 a6 6. Bxc6+ bxc6 7. 0-0 cxd4 8. Nxd4 c5 9. Nc6 Qc7 10. exd5 exd5 11. Qxd5 Bb7 12. Re1+ Ne7 13. Nxe7 Bxe7 14. Bf4 Bxd5 15. Bxc7 Be6 16. Ne4 0-0 17. Bd6 Bxd6 18. Nxd6 Rad8 19. Nb7 Rc8 20. b3 Rc7 21. Nd6 Rd7 22. Ne4 Rc7 23. c4 Bf5 24. Rad1 Bxe4 25. Rxe4 f5 26. Re6 Ra7 27. Rdd6 g6 28. Rxa6 Rxa6 29. Rxa6 Rd8 30. Kf1 h5 31. Rxg6+ Kf7 32. Rg5 Kf6 33. Rxh5 Kg6 34. Rh3 Ra8 35. a4 Kg5 36. Ke2 Re8+ 37. Re3 Rh8 38. h3 f4 39. Re5+ Kf6 40. Rxc5 1-0

[Event "Reykjavik Congress"]
[Site "Reykjavik"]
[Date "2018.01.14"]
[Round "2"]
[White "Thorisson, Bjartur"]
[Black "Bergsson, Stefan"]
[Result "0-1"]
[WhiteElo "1022"]
[BlackElo "2093"]
[PlyCount "36"]
[EventDate "2018.01.10"]
[EventType "swiss"]
[EventRounds "9"]
[EventCountry "ISL"]
[SourceTitle "CBM 182 Extra"]
[Source "ChessBase"]
[SourceDate "2018.02.23"]
[SourceVersion "1"]
[SourceVersionDate "2018.02.23"]
[SourceQuality "1"]

1. e4 e5 2. Nf3 Nc6 3. d4 exd4 4. Bc4 Nf6 5. e5 d5 6. Bb5 Ne4 7. Nxd4 Bd7 8. Bxc6 bxc6 9. f3 Qh4+ 10. g3 Nxg3 11. hxg3 Qxh1+ 12. Ke2 Qg2+ 13. Kd3 c5 14. Ne2 Qxf3+ 15. Kd2 Be7 16. Qe1 h5 17. Ng1 Bg5+ 18. Qe3 Bxe3+ 0-1

[Event "Reykjavik Bikarsyrpa mot 3"]
[Site "Reykjavik"]
[Date "2017.10.29"]
[Round "5.8"]
[White "Thorisson, Benedikt"]
[Black "Thorisson, Bjartur"]
[Result "1-0"]
[WhiteElo "1097"]
[BlackElo "1022"]
[PlyCount "63"]
[EventDate "2017.10.27"]
[EventType "swiss"]
[EventRounds "7"]
[EventCountry "ISL"]
[SourceTitle "EXT 2024"]
[Source "ChessBase"]
[SourceDate "2023.10.10"]
[SourceVersion "1"]
[SourceVersionDate "2023.10.10"]
[SourceQuality "1"]

1. e4 d5 2. exd5 Qxd5 3. Nc3 Qd6 4. d4 Nf6 5. Nf3 Bf5 6. Be3 e6 7. Bc4 c6 8. Qd2 Be7 9. 0-0 0-0 10. Nh4 Rd8 11. Nxf5 exf5 12. Rfe1 c5 13. d5 Nbd7 14. Bf4 Qb6 15. Na4 Qb4 16. Qxb4 cxb4 17. Rxe7 a6 18. d6 b5 19. Bxf7+ Kh8 20. Be6 Ra7 21. Be3 Rb7 22. Nc5 Nxc5 23. Bxc5 Rxe7 24. dxe7 Rd2 25. Bxb4 Rd4 26. Bc3 Re4 27. Bxf6 Rxe6 28. Bh4 h6 29. f4 a5 30. Rd1 Kg8 31. Rd8+ Kf7 32. Rf8+ 1-0

[Event "Reykjavik op"]
[Site "Reykjavik"]
[Date "2017.04.21"]
[Round "4"]
[White "Fjallheim, Benjamin Reinert"]
[Black "Thorisson, Bjartur"]
[Result "1-0"]
[WhiteElo "1322"]
[BlackElo "1071"]
[PlyCount "81"]
[EventDate "2017.04.19"]
[EventType "swiss"]
[EventRounds "10"]
[EventCountry "ISL"]
[SourceTitle "CBM 178 Extra"]
[Source "ChessBase"]
[SourceDate "2017.06.22"]
[SourceVersion "1"]
[SourceVersionDate "2017.06.22"]
[SourceQuality "1"]

1. e4 c5 2. Nc3 e6 3. f4 Nf6 4. Nf3 Nc6 5. Bb5 Qc7 6. d3 a6 7. Bxc6 bxc6 8. 0-0 Be7 9. h3 0-0 10. Be3 Bb7 11. Ne5 d6 12. Ng4 Nd7 13. f5 exf5 14. Rxf5 Rfe8 15. Qf3 f6 16. Qg3 Kh8 17. Rh5 Nf8 18. Bxc5 Rac8 19. Be3 Qd7 20. Ne2 d5 21. Nf4 Bd6 22. exd5 cxd5 23. Qf2 Rc7 24. Nxd5 Bxd5 25. Rxd5 Rec8 26. Nxf6 gxf6 27. Qxf6+ Kg8 28. Qxd6 Qg7 29. Rg5 Ng6 30. Qe6+ Rf7 31. Qxc8+ Rf8 32. Qc4+ Rf7 33. Rf1 h6 34. Rxf7 Qxf7 35. Rxg6+ Kf8 36. Bxh6+ Ke8 37. Qc8+ Ke7 38. Bg5+ Qf6 39. Rxf6 a5 40. Qe6+ Kd8 41. Rf7# 1-0